00381nam a22001337a 4500008004500000020001500045082004400060100002200104245004200126250001200168260003800180300001200218650001700230230313b2004 xxu||||| |||| 00| 0 eng d a8129704179 a579 Tortora 18127 8th 2004 Microbiology aTortora Gerard J. aMicrobiology: An Introduction 8th ed. a8th ed. aDelhi:bPearson Education;c2004. a898 p.; aMicrobiology